Statystyki dla Top 10 państw korzystających z energii słonecznej

Kliknij tutaj aby rozwiązać quiz!

Ogólne statystyki

  • Ten quiz został rozwiązany 128 razy
  • Średni wynik to 7 z 10

Statystyki odpowiedzi

GW (gigawaty)Zmiana w porównaniu z 2014Państwo% Poprawnych
62.2+ 240 %Stany Zjednoczone
96%
45.9+ 20 %Niemcy
87%
175+ 517 %Chiny
85%
9.48+ 66 %Francja
80%
20.1+ 8 %Włochy
78%
55.5+ 137 %Japonia
68%
13.1+ 149 %Wielka Brytania
66%
26.9+ 781 %Indie
61%
11.3+ 173 %Australia
59%
7.86+ 225 %Korea Południowa
41%

Rozkład punktacji

Percentyl według liczby udzielonych odpowiedzi

Procent ludzi z każdym wynikiem

Twoja historia wyników

Nie rozwiązałeś tego quizu